[Event "Asia Cities-ch 15th"]
[Site "Tehran"]
[Date "2007.03.06"]
[Round "7.3"]
[White "Lakshimi, Narayanan K"]
[Black "Dimakiling, Oliver"]
[Result "0-1"]
[WhiteElo "2145"]
[BlackElo "2481"]
[PlyCount "52"]
[EventDate "2007.03.02"]
[EventType "team-swiss"]
[EventRounds "9"]
[EventCountry "IRI"]
[SourceTitle "EXT 2020"]
[Source "ChessBase"]
[SourceDate "2019.10.17"]
[SourceVersion "1"]
[SourceVersionDate "2019.10.17"]
[SourceQuality "1"]
[WhiteTeam "Kozhikode"]
[BlackTeam "Tagaytay"]
[WhiteTeamCountry "IND"]
[BlackTeamCountry "PHI"]

1. e4 e5 2. Nf3 Nc6 3. Bb5 a6 4. Ba4 Nf6 5. 0-0 Be7 6. Re1 b5 7. Bb3 0-0 8. c3 d5 9. exd5 Nxd5 10. Nxe5 Nxe5 11. Rxe5 c6 12. d4 Bd6 13. Re1 Qh4 14. g3 Qh3 15. Be3 Bg4 16. Qd3 Rae8 17. Nd2 Re6 18. Qf1 Qh5 19. c4 Nxe3 20. Rxe3 Rh6 21. Qg2 c5 22. d5 f5 23. Rae1 f4 24. Re7 f3 25. Qh1 Bxg3 26. Nxf3 Bxf3 0-1

[Event "IND-ch U25"]
[Site "India"]
[Date "2000.12.27"]
[Round "5"]
[White "Saurabh, Kherdekar"]
[Black "Lakshimi, Narayanan K"]
[Result "1-0"]
[WhiteElo "2264"]
[BlackElo "2175"]
[PlyCount "107"]
[EventDate "2000.12.??"]
[EventType "swiss"]
[EventRounds "9"]
[EventCountry "IND"]
[SourceTitle "EXT 2006"]
[Source "ChessBase"]
[SourceDate "2005.11.24"]
[SourceVersion "1"]
[SourceVersionDate "2005.11.24"]
[SourceQuality "1"]

1. d4 Nf6 2. c4 g6 3. Nc3 Bg7 4. e4 d6 5. Nf3 0-0 6. Be2 e5 7. d5 a5 8. Bg5 h6 9. Bh4 Na6 10. Nd2 g5 11. Bg3 Nc5 12. 0-0 Nfxe4 13. Ndxe4 Nxe4 14. Nxe4 f5 15. Nc3 f4 16. Ne4 Bf5 17. Bd3 Bxe4 18. Bxe4 fxg3 19. hxg3 b6 20. Qe2 Qd7 21. g4 Rf6 22. Rac1 Bf8 23. g3 Qa4 24. Bc2 Qd7 25. Rce1 Qg7 26. Kg2 Re8 27. Be4 Be7 28. Rh1 Bd8 29. a3 Ref8 30. Bf5 Qe7 31. Qe4 Kg7 32. Re2 Qf7 33. b4 axb4 34. axb4 Rh8 35. Rh5 Rf8 36. Re1 Qe8 37. Reh1 Rh8 38. c5 bxc5 39. bxc5 dxc5 40. Be6 Be7 41. Qxe5 Bd6 42. Qc3 Qg6 43. Re1 Ra8 44. Bf5 Qf7 45. Rxh6 Kxh6 46. Rh1+ Kg7 47. Rh7+ Kg8 48. Rxf7 Kxf7 49. Qe3 Ra2 50. Qxg5 Be5 51. Be6+ Ke7 52. Qg7+ Ke8 53. Qd7+ Kf8 54. Qd8+ 1-0